Sports Quiz

Random Sports or Clickable Quiz

2012 AL All-Stars Quiz Stats

Quiz not verified by Sporcle

Also try: 2012 NL All-Stars
Challenge
Share
Tweet
Embed
Score 0/35 Timer 05:00
0 Plays Today
% Correct
Yu Darvish
78.9%
Derek Jeter
72.7%
Jose Bautista
71.6%
Robinson Cano
70.5%
Curtis Granderson
67.2%
Miguel Cabrera
67.2%
Mike Trout
67.2%
Josh Hamilton
66.7%
Justin Verlander
66.7%
Adrian Beltre
65.6%
David Ortiz
65%
Prince Fielder
63.9%
Mike Napoli
63.4%
C.C. Sabathia
60.7%
Adam Jones
60.1%
Mark Trumbo
59.6%
Chris Sale
59%
Ian Kinsler
56.3%
% Correct
Matt Wieters
56.3%
Paul Konerko
55.7%
David Price
55.2%
Fernando Rodney
55.2%
Felix Hernandez
54.6%
Elvis Andrus
54.6%
Adam Dunn
54.6%
Billy Butler
54.1%
Asdrubal Cabrera
53%
Jered Weaver
50.8%
Joe Mauer
50.8%
Joe Nathan
49.7%
Jim Johnson
49.7%
C.J. Wilson
49.7%
Chris Perez
49.2%
Ryan Cook
48.6%
Matt Harrison
44.3%

You're not logged in!

Compare scores with friends on all Sporcle quizzes.
Join for Free
OR
Log In

You Might Also Like...

Show Comments

Extras

Created Jul 1, 2012ReportNominate
Tags:Clickable Quiz, 2012, all-star

Top Quizzes Today


Score Distribution

Your Account Isn't Verified!

In order to create a playlist on Sporcle, you need to verify the email address you used during registration. Go to your Sporcle Settings to finish the process.

Report this User

Report this user for behavior that violates our Community Guidelines.

Details: